00610cam a22002177a 4500003000500000005001700005008004100022010000900063011000900072035000900081040000900090100002800099245003100127260007100158300001800229490003500247500001200282650002700294700003600321830003500357CHAP20220817040918.0971013s1991 r 00010 d a2592 a3564 a2765 cCHAP1 aLabrador Moreno, Juana.13aLa agricultura ecológica aMadrid :bMinisterio de Agricultura, Pesca y Alimentación,c1991 a32 p.b: ilus 0aHojas divulgadorasv; 11/90 HD aD46-13314aEcología agrícola.0 aGuiberteau Cabanillas, Antonio.0 aHojas divulgadorasv; 11/90 HD